Statistical Abstractof the United States 1964 /

Đã lưu trong:
Bibliografiske detaljer
Hovedforfatter: D.Goldfield Edwin
Format: Bog
Sprog:Vietnamese
Udgivet: American : Department of Commerce Luther H.Hodges , 1964
Fag:
Tags: Tilføj Tag
Ingen Tags, Vær først til at tagge denne postø!
Thư viện lưu trữ: Thư viện Trường CĐ Kỹ Thuật Cao Thắng
LEADER 00605nam a2200181 a 4500
001 TVCDKTCT2007
003 Thư viện trường Cao đẳng Kỹ thuật Cao Thắng
005 20050813000000
008 050813
980 \ \ |a Thư viện Trường CĐ Kỹ Thuật Cao Thắng 
024 |a RG_1 #1 eb0 i1 
041 0 # |a vie 
082 # # |a 363.9 /   |b EDW311G-s 
100 1 # |a D.Goldfield Edwin 
245 0 0 |a Statistical Abstractof the United States 1964 /  |c D.Goldfield Edwin 
260 # # |a American :  |b Department of Commerce Luther H.Hodges ,  |c 1964 
300 # # |a 1041tr. ;  |c 24cm 
650 # 4 |a Dân số --Mỹ